Memory: critical concepts in psychology (Record no. 6148)
[ view plain ]
| 000 -LEADER | |
|---|---|
| fixed length control field | 00606nam a2200169Ia 4500 |
| 020 ## - INTERNATIONAL STANDARD BOOK NUMBER | |
| ISBN | 9780415413237 |
| 082 ## - DEWEY DECIMAL CLASSIFICATION NUMBER | |
| Classification number | RR 153.12 MEM- |
| 245 #0 - TITLE STATEMENT | |
| Title | Memory: critical concepts in psychology |
| 260 ## - PUBLICATION, DISTRIBUTION, ETC. (IMPRINT) | |
| Place of publication | London |
| Name of publisher | Routledge |
| Year of publication | 2008 |
| 440 ## - SERIES STATEMENT/ADDED ENTRY--TITLE | |
| Title | Critical concepts in psychology |
| 500 ## - GENERAL NOTE | |
| General note | contents: 4 vols. Vol . 1 (Structure of memory) , (xxviii, 522p.) - v.2 (Memory processes), (xi, 588p.) - v.3 (Working memory), (xi, 919p.) - v.4 (Constraints on memory), (xi, 615p.) |
| 650 ## - SUBJECT ADDED ENTRY--TOPICAL TERM | |
| Topical Term | Memory |
| 650 ## - SUBJECT ADDED ENTRY--TOPICAL TERM | |
| Topical Term | Memory and learning |
| 650 ## - SUBJECT ADDED ENTRY--TOPICAL TERM | |
| Topical Term | Neuropsychology |
| 700 ## - ADDED ENTRY--PERSONAL NAME | |
| Personal name | Andrade, Jackie |
| 942 ## - ADDED ENTRY ELEMENTS (KOHA) | |
| Koha item type | Books |
| Source of classification or shelving scheme | Dewey Decimal Classification |
| Withdrawn status | Lost status | Damaged status | Not for loan | Home library | Current library | Date acquired | Source of acquisition | Serial Enumeration / chronology | Bill Date | Full call number | Accession Number | Price effective from | Koha item type |
|---|---|---|---|---|---|---|---|---|---|---|---|---|---|
| NASSDOC Library | NASSDOC Library | 25/09/2008 | SEGM | V.1 | 2008-09-10 | RR 153.12 MEM- | 44519 | 18/04/2019 | Books | ||||
| NASSDOC Library | NASSDOC Library | 25/09/2008 | SEGM | V.2 | 2008-09-10 | RR 153.12 MEM- | 44520 | 18/04/2019 | Books | ||||
| NASSDOC Library | NASSDOC Library | 25/09/2008 | SEGM | V.3 | 2008-09-10 | RR 153.12 MEM- | 44521 | 18/04/2019 | Books | ||||
| NASSDOC Library | NASSDOC Library | 25/09/2008 | SEGM | V.4 | 2008-09-10 | RR 153.12 MEM- | 44522 | 18/04/2019 | Books |
